Hướng dẫn giải bài tập toán kinh tế

Sách trình bày những nội dung cơ bản nhất và có hệ thống các phương pháp tối ưu hoá của quy hoạch tuyến tính. Một số bài toán ứng dụng trong kinh tế của lý thuyết quy hoạch hoạt động và quản lý dự trữ...

Descripció completa

Guardat en:
Dades bibliogràfiques
Autor principal: Đặng, Văn Thoan
Format: Llibre
Idioma:Undetermined
Publicat: Hà Nội Thống kê 2005
Matèries:
Etiquetes: Afegir etiqueta
Sense etiquetes, Sigues el primer a etiquetar aquest registre!
Thư viện lưu trữ: Trung tâm Học liệu Trường Đại học Cần Thơ
LEADER 00891nam a2200205Ia 4500
001 CTU_110686
008 210402s9999 xx 000 0 und d
020 |c 36000 
082 |a 330.0151 
082 |b Th406 
100 |a Đặng, Văn Thoan 
245 0 |a Hướng dẫn giải bài tập toán kinh tế 
245 0 |c Đặng Văn Thoan 
260 |a Hà Nội 
260 |b Thống kê 
260 |c 2005 
520 |a Sách trình bày những nội dung cơ bản nhất và có hệ thống các phương pháp tối ưu hoá của quy hoạch tuyến tính. Một số bài toán ứng dụng trong kinh tế của lý thuyết quy hoạch hoạt động và quản lý dự trữ 
650 |a Economics, mathematical models 
904 |i Tuyến 
980 |a Trung tâm Học liệu Trường Đại học Cần Thơ